000 00350nam a2200133Ia 4500
008 240624s9999 xx 000 0 und d
041 _aeng
082 _a338.52 GAR
100 _aGARDES FRANCOIS
245 _aPRICE EXPECTATIONS IN GOODS AND FINANCIA
260 _c2000
_aUK
_bEdward Elgar
300 _axvi, : 302 : p. : cm. ; 23
365 _cBPS
_b38
999 _c28350
_d28350